Total quality management makes "Japanese industry as a Miracle" (Record no. 86173)

000 -LEADER
fixed length control field 01492pab a2200193 454500
008 - FIXED-LENGTH DATA ELEMENTS--GENERAL INFORMATION
fixed length control field 180718b2009-2010 xxu||||| |||| 00| 0 eng d
100 ## - MAIN ENTRY--PERSONAL NAME
Personal name Kapoor, Neeru
245 ## - TITLE STATEMENT
Title Total quality management makes "Japanese industry as a Miracle"
260 ## - PUBLICATION, DISTRIBUTION, ETC.
Date of publication, distribution, etc. 2009-2010
300 ## - PHYSICAL DESCRIPTION
Extent p.60-70.
362 ## - DATES OF PUBLICATION AND/OR SEQUENTIAL DESIGNATION
Dates of publication and/or sequential designation Oct-Mar
520 ## - SUMMARY, ETC.
Summary, etc. Quality is the key to competitive advantage in today's business environment. As more organisations opt for Total Quality Management (TQM), the choices open to those wanting to get up a quality system are becoming increasingly varied. TQMEX is an important proposal. The model is a sequence of steps arranged logically to serve as a guideline for implementing. TQMEX model also includes- BPR, QCC and Problem Solving and Total Productivity Maintenance (TPM). BPR aims at analysis and redesign of workflow within the enterprise. QCs are small groups of volunteers usually from the same work area who meet at regular intervals to identify, analyse and solve problems related to their tasks. The goal of a TPM programme is to increase production and improve employees' moral and job satisfaction. The present study aims at studying various tools for the management of quality. For understanding the role of each concept, a case study has been discussed with the relevant tools. - Reproduced.
650 ## - SUBJECT ADDED ENTRY--TOPICAL TERM
Topical term or geographic name entry element Total quality management
700 ## - ADDED ENTRY--PERSONAL NAME
Personal name Mehta, Ritu
700 ## - ADDED ENTRY--PERSONAL NAME
Personal name Nayyar, Suman
773 ## - HOST ITEM ENTRY
Main entry heading Journal of Accounting and Finance
908 ## - PUT COMMAND PARAMETER (RLIN)
Put command parameter N
909 ## -
-- 86173
Holdings
Withdrawn status Lost status Damaged status Not for loan Permanent Location Current Location Date acquired Serial Enumeration / chronology Barcode Date last seen Price effective from Koha item type
        Indian Institute of Public Administration Indian Institute of Public Administration 2018-07-19 Volume no: 24, Issue no: 1 AR86633 2018-07-19 2018-07-19 Articles

Powered by Koha